The development of an empirical-based framework for project risk management /
Saved in:
| 主要作者: | |
|---|---|
| 格式: | Thesis 圖書 |
| 語言: | English |
| 出版: |
2014.
|
| 主題: | |
| 標簽: |
添加標簽
沒有標簽, 成為第一個標記此記錄!
|
| LEADER | 01159cam a2200301 i 4500 | ||
|---|---|---|---|
| 001 | u1009600 | ||
| 003 | SIRSI | ||
| 005 | 201501301550 | ||
| 008 | 150130s2014 enka m 000 0 eng | ||
| 040 | |a UMM |e rda | ||
| 090 | |a HD61 |b Saibak | ||
| 100 | 0 | |a Saipol Bari Abd Karim, |e author. | |
| 245 | 1 | 4 | |a The development of an empirical-based framework for project risk management / |c Saipol Bari Abd Karim. |
| 264 | 1 | |c 2014. | |
| 264 | 4 | |c 2014. | |
| 300 | |a 381 leaves : |b illustrations ; |c 30 cm. | ||
| 336 | |a text |2 rdacontent | ||
| 337 | |a unmediated |2 rdamedia | ||
| 338 | |a volume |2 rdacarrier | ||
| 500 | |a A thesis submitted to the University of Manchester for the degree of Doctor of Philosophy in the Faculty of Humanities. | ||
| 502 | |b Ph.D. |c Manchester Business School, University of Manchester |d 2014. | ||
| 504 | |a Bibliography: leaves 359-373. | ||
| 650 | 0 | |a Risk management. | |
| 650 | 0 | |a Project management. | |
| 710 | 2 | |a University of Manchester. |b Faculty of Humanities, |e degree granting institution. | |
| 596 | |a 1 | ||
| 900 | |a NSM | ||
| 999 | |a HD61 SAIBAK |w LC |c 1 |i A516126055 |d 2/11/2016 |f 2/11/2016 |g 1 |l STACKS |m P01UTAMA |r Y |s Y |t TESIS |u 1/11/2016 |1 AHSS | ||
